000 00212nam a22000857a 4500
008 170601b xxu||||| |||| 00| 0 eng d
100 _93199
_aShankar. A
245 _aThe Story of Gandhi
260 _aNew Delhi
_bCBT
_c1969
999 _c6511
_d6511